Statistics for U.S. States with the Largest Croatian Populations

Click here to take the quiz!

General Stats

  • This quiz has been taken 170 times
  • The average score is 7 of 10

Answer Stats

RankCroatian PopulationState% Correct
526,607New York
94%
245,537California
90%
716,360Florida
85%
344,065Illinois
68%
441,430Ohio
68%
1013,268Washington
68%
620,547Michigan
63%
150,995Pennsylvania
61%
913,306Indiana
51%
815,775Wisconsin
43%

Score Distribution

Percentile by Number Answered

Percent of People with Each Score

Your Score History

You have not taken this quiz